| 000 | 00947nam a22002771 4500 | ||
|---|---|---|---|
| 001 | 35183 | ||
| 003 | BD-RjUL | ||
| 005 | 20211209052256.0 | ||
| 008 | 140521r19621953nyua b 001 0 eng d | ||
| 035 | _a(BD-RjUL)35277 | ||
| 040 |
_aDLC _cDLC _dDLC _dBD-RjUL _beng |
||
| 041 | _aeng | ||
| 082 | 0 | 0 |
_223 _a519.5 _bHAS 1962 |
| 100 | 1 |
_aHansen, Morris H. _q(Morris Howard), _d1910- _9106983 |
|
| 245 | 1 | 0 |
_aSample survey methods and theory / _cby Morris H. Hansen, William N. Hurwitz and William G. Madow. |
| 260 |
_aNew York : _bWiley, _cc1953 [Printing 1962]. |
||
| 300 |
_av. : _bill. ; _c24 cm. |
||
| 490 | 0 | _aWiley publications in statistics | |
| 504 | _aIncludes bibliographical references and index. | ||
| 505 | 0 | _aVol. 1. Methods and applications -- V. 2 -Theory--- | |
| 650 | 0 |
_aSampling (Statistics). _9106984 |
|
| 700 | 1 |
_aHurwitz, William N. _9107177 |
|
| 700 | 1 |
_aMadow, William G. _920078 |
|
| 942 |
_2ddc _cBK |
||
| 999 |
_c35183 _d35183 |
||